1859 1590 1151 1781 1775 1163 1536 1073 1064 1346 1074 1612 1148 1255 1619 1424 1795 1898 1097 1613 1282 1617 1550 1029 1278 1463 1860 1414 1380 1203 1344 1477 1641 1084 1051 1612 1472 1151 1919 1636 1556 1550 1174 1425 1634 1553 1255 1117 1403 1635 1900 1789 1475 1394 1121 1591 1128 1093 1105 1857 1146 1718 1438 1297 1036 1297 1179 1308 1025 1048 1731 1825 1780 1161 1437 1624 1427 1984 1176 1707 1214 1149 1089 1047 1159 1262 1736 1749 1005 1401 1928 1024 1367 1219 1290 1758 1930 1898 1365 BCNSPRNW ULIB Ver.6.0+V

เปลี่ยนเป็นภาษาไทย

Change to English
 แสดงรายละเอียดบรรณานุกรม
  กลับหน้าหลัก

Brief Record : Get Marc (ISO 2709) : E-mail record : QR code < ปิดหน้าต่าง
LEADER : 00000nam 2200000uu 4500
001    13399112907
003     ULIB
008    110916s2552||||th 000 0 tha d
020    9786167081144
090    นว.^bส111ก 2552
100 0  สุธีรา
245 00 กุหลาบระเริงไฟ/^cสุธีรา
250    พิมพ์ครั้งที่ 1
260    กรุงเทพฯ :^bSMART BOOK,^c2552
300    391 หน้า
945    ^p250^l0^i16496
995    กัณชพร
999     ^aใช้งานได้ทุกระบบ
รายการนี้ยังไม่มีแท็ก
คุณยังไม่ได้ล็อกอิน คุณสามารถมีกิจกรรมร่วมกับเว็บไซต์ได้ แต่ต้องล็อกอินก่อน ::
  ล็อกอิน

รายการสื่อสารสนเทศ

ลำดับที่ ประเภท เลขเรียก/บาร์โค้ด สถานที่ สถานะ
1. นวนิยาย
นวนิยาย
นว. ส111ก 2552  
  Barcode: 16496
ห้องสมุดวิทยาเขตสวรรค์ประชารักษ์
►นวนิยาย
บนชั้น
  ขอยืม

รายการใกล้เคียง
    ผู้แต่ง [สุธีรา]

BibComment


ยังไม่เคยถูกคอมเมนท์

คอมเมนท์ทรัพยากรรายการนี้
  คอมเมนท์: กุหลาบระเริงไฟ สุ..


 Copyright 2026. Bcnsprnw @Library